000 00673nam a2200289Ia 4500
005 20260324122641.0
008 008 260324s9999 xx 000 0 eng d
020 _a9781315555386
037 _aEBOOK
040 _aCRL
040 _beng
040 _cCRL
041 _2eng
041 _aeng
084 _qCRL
100 _aMichael Hooper
_9874334
245 4 _aThe Music of David Lumsdaine
245 0 _bKelly Ground to Cambewarra
260 _bTaylor and Francis
260 _c2012
365 _a
365 _b255
856 _uhttp://www.taylorfrancis.com/books/9781315555386
942 _cEBOOK
999 _c1760186
_d1760186